|
|
|
|
| LEADER |
00000cam a2200000 7i4500 |
| 001 |
0000129977 |
| 005 |
20190121.0 |
| 008 |
190121s2018 uuk 01 0 eng |
| 020 |
|
|
|a 9780753548080
|
| 040 |
|
|
|a PERPUSTAM
|b eng
|c PERPUSTAM
|e rda
|
| 090 |
0 |
0 |
|a 658.4063
|b GRA
|
| 100 |
1 |
|
|a Grant, Adam M. ,
|e author
|
| 245 |
1 |
0 |
|a ORIGINALS :
|b HOW NON-CONFORMISTS CHANGE THE WORLD
|c Adam Grant
|
| 264 |
|
1 |
|a London :
|b WH Allen
|c 2016
|
| 300 |
|
|
|a xii, 322 pages :
|b illustrations (black and white) ;
|c 24 cm.
|
| 336 |
|
|
|a text, rdacontent
|
| 337 |
|
|
|a unmediated
|2 rdamedia
|
| 338 |
|
|
|a volume
|2 rdacarrier
|
| 500 |
|
|
|a Includes bibliographical references and index
|
| 650 |
1 |
0 |
|a Industrial management
|
| 650 |
2 |
0 |
|a Corporate culture
|
| 650 |
2 |
0 |
|a Creative ability in business
|
| 650 |
2 |
0 |
|a Organizational effectiveness
|
| 999 |
|
|
|a 0000541902
|b Buku
|c Rak Terbuka
|e Perbadanan Perpustakaan Awam Melaka
|